000 00314 a2200133 4500
000 nam a22 7a 4500
100 _a Nirmal Jindal
110 _a Nirmal Jindal
245 _aUnderstanding Globalisation
250 _alatest edition
260 _bRoutledge
_c2024
264 _bRoutledge
_c2024
942 _cBK
999 _c395318
_d395318